Catálogo público

Fijación de ácidos grasos omega 3 y 6 en la carne de conejos alimentados con diferentes cantidades de verdolaga (Portulaca oleracea L.) y una dieta comercial balanceada / (Record no. 169128)

MARC details
000 -CABECERA
campo de control de longitud fija 01066nam a2200301Ia 4500
001 - NÚMERO DE CONTROL
campo de control Z_5920
003 - IDENTIFICADOR DEL NÚMERO DE CONTROL
campo de control CHAP
008 - DATOS DE LONGITUD FIJA--INFORMACIÓN GENERAL
campo de control de longitud fija 220113s9999 xx 000 0 und d
010 ## - NÚMERO DE CONTROL DE LA BIBLIOTECA DEL CONGRESO
Número de control de LC 169128
040 ## - FUENTE DE LA CATALOGACIÓN
Centro/agencia transcriptor CHAP
090 ## - LOCALMENTE ASIGNADO TIPO-LC NÚMERO DE CLASIFICACIÓN (OCLC); NÚMERO DE CLASIFICACIÓN LOCAL (RLIN)
Número de clasificación (OCLC) (R) ; Numero de clasificación, CALL (RLIN) (NR) Tesis R 2174
100 ## - ENTRADA PRINCIPAL--NOMBRE DE PERSONA
Nombre de persona Ramírez Quintana,Eduardo Guadalupe
9 (RLIN) 94196
245 ## - MENCIÓN DE TÍTULO
Título Fijación de ácidos grasos omega 3 y 6 en la carne de conejos alimentados con diferentes cantidades de verdolaga (Portulaca oleracea L.) y una dieta comercial balanceada /
Mención de responsabilidad, etc. por Eduardo Guadalupe Ramírez Quintana y Antonio Vázquez Gutiérrez.
260 ## - PUBLICACIÓN, DISTRIBUCIÓN, ETC.
Lugar de publicación, distribución, etc. Chapingo, Méx. :
Nombre del editor, distribuidor, etc. El autor.2010.,
Fecha de publicación, distribución, etc.
300 ## - DESCRIPCIÓN FÍSICA
Extensión 101 h.
502 ## - NOTA DE TESIS
Nota de tesis Tesis (Ing.Agr. Esp. en Zootecnia).--UACH.Departamento de Zootecnia.
650 ## - PUNTO DE ACCESO ADICIONAL DE MATERIA--TÉRMINO DE MATERIA
Término de materia o nombre geográfico como elemento de entrada Carne de conejo
9 (RLIN) 19140
650 ## - PUNTO DE ACCESO ADICIONAL DE MATERIA--TÉRMINO DE MATERIA
Término de materia o nombre geográfico como elemento de entrada Conejo
9 (RLIN) 143467
650 ## - PUNTO DE ACCESO ADICIONAL DE MATERIA--TÉRMINO DE MATERIA
Término de materia o nombre geográfico como elemento de entrada Nutrición
Subdivisión general Lípidos
-- Acidos grasos
9 (RLIN) 143468
650 ## - PUNTO DE ACCESO ADICIONAL DE MATERIA--TÉRMINO DE MATERIA
Término de materia o nombre geográfico como elemento de entrada Verdolaga(Portulaca oleracea)
9 (RLIN) 143469
700 ## - PUNTO DE ACCESO ADICIONAL--NOMBRE DE PERSONA
Nombre de persona I.Vázquez Gutiérrez,Antonio
9 (RLIN) 143470
901 ## - ELEMENTOS DE DATOS A LOCAL LDA (RLIN)
a TESIS R 2174
902 ## - ELEMENTOS DE DATOS B LOCAL, LDB (RLIN)
a M
910 ## - DATOS DE OPCIÓN DEL USUARIO (OCLC)
Datos de opción del usuario
942 ## - ELEMENTOS DE PUNTO DE ACCESO ADICIONAL (KOHA)
Tipo de ítem Koha Tesis_
942 ## - ELEMENTOS DE PUNTO DE ACCESO ADICIONAL (KOHA)
Tipo de ítem Koha Tesis_
Holdings
Estado de retiro Estado de pérdida Estado dañado No para préstamo Localización permanente Ubicación/localización actual Ubicación en estantería Fecha de adquisición Información codificada de la localización en otra ubicación Total de préstamos Código de barras Fecha visto por última vez Número de copia Precio válido a partir de Tipo de ítem Koha Nota pública
        Zootecnia Zootecnia   31/05/2010 2   z_T 3774 18/01/2022 1 18/01/2022 Tesis_ 3
        Zootecnia Zootecnia   31/05/2010 2   z_T 3775 18/01/2022 2 18/01/2022 Tesis_ 3